000 00642nam a22001817a 4500
003 JO-AjAnu
005 20241019115911.0
008 241019b jo ||||| |||| 00| 0 ara d
020 _a3-80-593-9957-978
040 _cJO-AjAnu
041 _aARA
100 1 _aالألوسي، صفا لطفي
_966335
_eمؤلف
245 1 0 _aعالم الجمال في الفن والعمارة الإسلامية /
_cصفا لطفي الألوسي
260 _aعمان :
_bالدار المهجية للنشر والتوزيع،
_c2014
300 _a255 صفحة
650 7 0 _aالفنون- العمارة- الاسلام
_966337
942 _2lcc
_cBK
_n0
999 _c33767
_d33767